000 00508nam a2200193Ia 4500
005 20250603145941.0
008 250603s9999 xx 000 0 und d
020 _a9781496318831
050 _aRE 48.9 .N55/
100 _a Nika, Bagheri
245 4 _aThe Wills eye manual : office and emergency room diagnosis and treatment of eye disease.
250 _a7th ed.
260 _aPhiladelphia
260 _bWolters Kluwer
260 _c2017
300 _a446 p
650 _aPhiladelphia
942 _cBK
999 _c43333
_d43333